LEADER 02078nam0 2200445 i 450 001 VAN00037833 005 20260209022646.615 010 $a978-08-01-85414-9$bpbk. 100 $a20050712d1996 |0itac50 ba 101 $aeng 102 $aUS 105 $a|||| ||||| 181 $ai$b e 182 $an 183 $anc 200 1 $aMatrix computations$fGene H. Golub, Charles F. Van Loan 205 $a3. ed 210 $aBaltimore$cJohns Hopkins University$d1996 215 $aXXVII, 694 p.$cill.$d24 cm 410 1$1001VAN00037832$12001 $aJohns Hopkins studies in the mathematical sciences$1210 $aBaltimore$cThe Johns Hopkins university 500 1$3VAN00242228$aMatrix computations$9332381 606 $a65-XX$xNumerical analysis [MSC 2020]$3VANC019772$2MF 620 $aGB$dLondon$3VANL000015 620 $dBaltimore$3VANL001083 700 1$aGolub$bGene H.$3VANV031469$07784 701 1$aVan Loan$bCharles F.$3VANV031470$07785 712 $aJohns Hopkins university $3VANV108036$4650 790 1$aGolub, G. H.$zGolub, Gene H.$3VANV062667 790 1$aVan Loan, Charles Francis$zVan Loan, Charles F.$3VANV257038 790 1$aLoan, Charles F. van$zVan Loan, Charles F.$3VANV257039 790 1$aVan Loan, Charles$zVan Loan, Charles F.$3VANV257040 801 $aIT$bSOL$c20260227$gRICA 856 4 $u/sebina/repository/catalogazione/documenti/ID 37833.pdf$zID 37833.pdf 899 $aBIBLIOTECA DEL DIPARTIMENTO DI INGEGNERIA$1IT-CE0100$2VAN05 912 $aVAN00037833 950 $aBIBLIOTECA DEL DIPARTIMENTO DI MATEMATICA E FISICA$d08PREST 65-XX 1669 $e08 3826 det 20060810 $sDeteriorato 950 $aBIBLIOTECA DEL DIPARTIMENTO DI MATEMATICA E FISICA$d08PREST 65-XX 1669 $e08DMF490 I 20190925 950 $aBIBLIOTECA DEL DIPARTIMENTO DI INGEGNERIA$d05PREST D 236 $e05 1301 20050712 996 $aMatrix computations$9332381 997 $aUNICAMPANIA